IXe Congrès international des sciences historiques : Paris, 28 août-3 septembre 1950.

محفوظ في:

مؤلف مشترك: International Congress of Historic Sciences Paris, France)

التنسيق: وقائع المؤتمر كتاب

اللغة: French

منشور في: Paris : A. Colin, 1950.

الموضوعات:

الوسوم: إضافة وسم

لا توجد وسوم, كن أول من يضع وسما على هذه التسجيلة!

رقم الطلب: D3 .A2 1950a v.3

LEADER 00775namaa2200229 4500
001 21031
003 OSt
005 20251116143023.0
008 130303s1950 fr 100 0 fre d
040 |c ARCE Library 
050 4 |a D3 .A2 1950a v.3 
111 2 |a International Congress of Historic Sciences   |n (9th :   |d 1950 :   |c Paris, France) 
245 1 0 |a IXe Congrès international des sciences historiques :   |b Paris, 28 août-3 septembre 1950. 
246 3 |a 9e Congrès international des sciences historiques. 
246 3 |a Neuvième Congrès international des sciences historiques. 
264 1 |a Paris :   |b A. Colin,   |c 1950. 
300 |a 77 pages ;   |c 24 cm. 
505 1 |a [3]. Programme. 
650 0 |a History  |v Congresses. 
901 |a reviewed 
942 |c BK  |2 lcc 
999 |c 18466  |d 18466